International Economics <A> Policy Approach

Salvato in:
Dettagli Bibliografici
Autore principale: Kreinin, Mordechai E.
Natura: Libro
Lingua:inglese
Pubblicazione: Fort Worth The Dryden Press 1995
Edizione:7. ed.
Soggetti:
Tags: Aggiungi Tag
Nessun Tag, puoi essere il primo ad aggiungerne!!

MARC

LEADER 00000nam a2200000 4500
001 c013026
005 20221205133130.4
020 |a 0-03-097564-6 
041 0 |a eng 
044 |a US 
245 1 0 |a International Economics  |b <A> Policy Approach  |c Mordechai E. Kreinin 
250 |a 7. ed. 
264 1 |a Fort Worth  |b The Dryden Press  |c 1995 
300 |a 492 s. 
610 2 0 |a ekonómia politická 
610 2 0 |a spolupráca hospodárska medzinárodná 
610 2 0 |a hospodárstvo svetové 
610 2 0 |a obchod svetový 
610 2 0 |a vzťahy hospodárske medzinárodné 
610 2 0 |a systém menový medzinárodný 
100 1 |a Kreinin, Mordechai E.